Pharmacy - Top 300 Drugs - Name the Brand - Statistics

General Stats
  • This quiz has been taken 91 times
  • The average score is 86 of 300
Answer Stats
Generic Brand % Correct
Alprazolam Xanax
74%
Ibuprofen ^Motrin|^Advil
72%
Amphetamine/Dextroamphetamine Adderall
67%
Diazepam Valium
67%
Escitalopram Lexapro
66%
Methylphenidate ^Ritalin|^Methylin|^Metadate|^Concerta
66%
Lisdexamfetamine Vyvanse
66%
Fluoxetine Prozac|^Sarafem
62%
Bupropion ^Wellbutrin|^Zyban
62%
Lorazepam Ativan
61%
Sertraline Zoloft
61%
Hydrocodone/Acetaminophen ^Lortab|^Vicodin|^Norco
57%
Naproxen ^Naprosyn|^Aleve
57%
Sildenafil ^Viagra|^Revatio
57%
Citalopram Celexa
54%
Fluticasone Flonase
54%
Atorvastatin Lipitor
54%
Pregabalin Lyrica
54%
Quetiapine Seroquel
54%
Aripiprazole Abilify
52%
Amoxicillin ^Amoxil|^Moxatag|^Trimox
52%
Ciprofloxacin Cipro
52%
Amlodipine Norvasc
52%
Oxycodone/Acetaminophen ^Percocet|^Roxicet|^Endocet
52%
Amoxicillin/Clavulanate Augmentin
51%
Apixaban Eliquis
51%
Epinephrine Auto-Injector ^EpiPen|^EpiPen Jr.
51%
Cephalexin Keflex
51%
Esomeprazole Nexium
51%
Levothyroxine ^Synthroid|^Levoxyl|^Levothroid
51%
Buspirone BuSpar
49%
Celecoxib Celebrex
49%
Furosemide Lasix
49%
Gabapentin Neurontin
49%
Albuterol ^Proventil|^Proair|^Ventolin
49%
Montelukast Singulair
49%
Buprenorphine/Naloxone Suboxone
49%
Diclofenac Sodium Voltaren
49%
Metformin Glucophage
48%
Levetiracetam Keppra
48%
Clonazepam Klonopin
48%
Azithromycin ^Zithromax|^Zmax|^Zpak
48%
Zolpidem Ambien
46%
Venlafaxine Effexor
46%
Haloperidol Haldol
46%
Insulin Lispro Humalog
46%
Eszopiclone Lunesta
46%
Oxycodone ^OxyContin|^Roxicodone
44%
Omeprazole Prilosec
44%
Oseltamivir Tamiflu
44%
Latanoprost Xalatan
44%
Rivaroxaban Xarelto
44%
Ondansetron Zofran
44%
Acyclovir Zovirax
44%
Fentanyl Duragesic
43%
Lamotrigine Lamictal
43%
Insulin Glargine ^Lantus|^Toujeo
43%
Paroxetine ^Paxil|^Pexeva
43%
Famotidine Pepcid
43%
Atenolol Tenormin
43%
Tadalafil Cialis
41%
Carvedilol Coreg
41%
Fluconazole Diflucan
41%
Alendronate Fosamax
41%
Metoprolol Tartrate Lopressor
41%
Nitrofurantoin ^Macrodantin|^Macrobid
41%
Clopidogrel Plavix
41%
Olanzapine Zyprexa
41%
Rosuvastatin Crestor
39%
Metronidazole Flagyl
39%
Cyclobenzaprine ^Flexeril|^Amrix|^Fexmid
39%
Empagliflozin Jardiance
39%
Insulin Detemir Levemir
39%
Enoxaparin Lovenox
39%
Ketoconazole Nizoral
39%
Insulin Aspart Novolog
39%
Finasteride Proscar
39%
Atomoxetine Strattera
39%
Metoprolol Succinate Toprol
39%
Ezetimibe Zetia
39%
Sulfamethoxazole/Trimethoprim ^Bactrim|^Septra
38%
Mupirocin Bactroban
38%
Clindamycin Hydrochloride (oral) Cleocin
38%
Clozapine Clozaril
38%
Warfarin ^Coumadin|^Jantoven
38%
Losartan Cozaar
38%
Fluvoxamine Luvox
38%
Pravastatin Pravachol
38%
Lisinopril ^Prinivil|^Zestril
38%
Desvenlafaxine Pristiq
38%
Duloxetine Hydrochloride Cymbalta
36%
Insulin (Humulin) Humulin
36%
Isosorbide Imdur
36%
Sitagliptin Januvia
36%
Levofloxacin Levaquin
36%
Risperidone Risperdal
36%
Fluticasone/Salmeterol Advair
34%
Olmesartan Benicar
34%
Gemfibrozil Lopid
34%
Methadone ^Methadone|^Methadose
34%
Glyburide ^Micronase|^DiaBeta
34%
Meloxicam Mobic
34%
Amiodarone ^Pacerone|^Cordarone
34%
Lansoprazole Prevacid
34%
Carbamazepine ^Tegretol|^Carbatrol|^Equetro
34%
Doxycycline Vibramycin
34%
Spironolactone Aldactone
33%
Divalproex Depakote
33%
Hydromorphone Dilaudid
33%
Nitroglycerin ^Nitrostat|^Nitroquick
33%
Cefdinir Omnicef
33%
Chlorhexidine ^Peridex|^Periogard
33%
Pantoprazole Protonix
33%
Budesonide/Formoterol Symbicort
33%
Tramadol ^Ultram|^Conzip
33%
Enalapril ^Vasotec|^Epaned
33%
Liraglutide ^Victoza|^Saxenda
33%
Donepezil Aricept
31%
Dicyclomine Bentyl
31%
Diltiazem ^Cardizem|^Cartia|^Dilacor|^Dilt-XR|^Tiazac
31%
Ciprofloxacin/Dexamethasone CiproDex
31%
Amitriptyline Elavil
31%
Tamsulosin Flomax
31%
Losartan/Hydrochlorothiazide Hyzaar
31%
Hydroxychloroquine Plaquenil
31%
Dabigatran Pradaxa
31%
Estrogens (Conjugated) Premarin
31%
Valacyclovir Valtrex
31%
Pioglitazone Actos
30%
Doxazosin Cardura
30%
Ipratropium/Albuterol ^Combivent|^DuoNeb
30%
Butalbital/Acetaminophen/Caffeine Fioricet
30%
Dexmethylphenidate Focalin
30%
Canagliflozin Invokana
30%
Hydrochlorothiazide Microzide
30%
Niacin Niaspan
30%
Nystatin Oral | Nystatin Topical Nystop
30%
Insulin Degludec Tresiba
30%
Ranitidine Zantac
30%
Allopurinol Zyloprim
30%
Colchicine Colcrys
28%
Phenytoin ^Dilantin|^Kapseals
28%
Sumatriptan Imitrex
28%
Omega-3-Acid Lovaza
28%
Methylprednisolone Medrol
28%
Mirabegron Myrbetriq
28%
Mirtazapine Remeron
28%
Tiotropium Spiriva
28%
Benzonatate Tessalon
28%
Penicillin V ^Veetids|^Pen-Vee K|^V-Cillin
28%
Simvastatin Zocor
28%
Cefuroxime Ceftin
26%
Sitagliptin/Metformin Janumet
26%
Lurasidone Latuda
26%
Memantine Namenda
26%
Carisoprodol Soma
26%
Topiramate ^Topamax|^Trokendi
26%
Fenofibrate TriCor
26%
Drospirenone/Ethinyl Estradiol ^Yasmin|^Ocella
26%
Glimepiride Amaryl
25%
Hydroxyzine Hydrochloride Atarax
25%
Prednisone Deltasone
25%
Trazodone Desyrel
25%
Fluticasone Flovent
25%
Folic Acid Folic Acid
25%
Lidocaine Lidoderm
25%
Baclofen Lioresal
25%
Budesonide Pulmicort
25%
Metoclopramide Reglan
25%
Lisinopril/Hydrochlorothiazide ^Zestoretic|^Prinzide
25%
Bumetanide Bumex
23%
Sucralfate Carafate
23%
Clonidine Catapres
23%
Oxybutynin Ditropan
23%
Paliperidone Invega
23%
Potassium ^Klor-Con|^K-Dur|^Micro-K
23%
Digoxin ^Lanoxin|^Digitek
23%
Linaclotide Linzess
23%
Diphenoxylate/Atropine Lomotil
23%
Lovastatin Mevacor
23%
Morphine ^MS Contin|^Roxanol
23%
Cyclosporine Emulsion (ophthalmic) Restasis
23%
Methocarbamol Robaxin
23%
Timolol (ophthalmic) Timoptic
23%
Dulaglutide Trulicity
23%
Estradiol ^Vivelle-Dot|^Alora|^Climara|^Femring|^Estring|^Vagifem|^Divigel|^Estrace
23%
Diclofenac Sodium (topical) Voltaren Gel
23%
Meclizine Antivert
21%
Clindamycin Phosphate (topical) Cleocin T
21%
Benztropine Cogentin
21%
Dexlansoprazole Dexilant
21%
Propranolol ^Inderal|^Innopran
21%
Indomethacin ^Indocin|^Tivorbex
21%
Prazosin Hydrochloride Minipress
21%
Norgestimate/Ethinyl Estradiol (triphasic) ^Ortho Tri-Cyclen|^TriSprintec|^Trinessa
21%
Phenazopyridine Pyridium
21%
Ropinirole Requip
21%
Tobramycin/Dexamethasone TobraDex
21%
Abacavir/Dolutegravir/Lamivudine Triumeq
21%
Hydralazine Apresoline
20%
Varenicline Chantix
20%
Raloxifene Evista
20%
Dapagliflozin Farxiga
20%
Guanfacine Intuniv
20%
Clotrimazole/Betamethasone Lotrisone
20%
Norgestimate/Ethinyl Estradiol ^Ortho-Cyclen|^Sprintec
20%
Olopatadine (Ophthalmic) ^Patanol|^Pataday
20%
Promethazine/Codeine Phenergan/Codeine
20%
Prednisolone Acetate (Ophthalmic) ^Pred Forte|^Pred Mild|^Omnipred
20%
Tacrolimus (Systemic) ^Prograf|^Astagraf
20%
Carbidopa/Levodopa Sinemet
20%
Anastrozole Arimidex
18%
Fluticasone/Vilanterol Breo Ellipta
18%
Glipizide Glucotrol
18%
Triamcinolone Kenalog
18%
Bimatoprost Lumigan
18%
Minocycline ^Minocin|^Solodyn
18%
Calcium Acetate Phoslo
18%
Temazepam Restoril
18%
Methotrexate Trexall
18%
Emtricitabine/Tenofovir Disoproxil Fumarate Truvada
18%
Tizanidine Zanaflex
18%
Thyroid Armour Thyroid
16%
Dutasteride Avodart
16%
Nebivolol Bystolic
16%
Chlorthalidone Hygroton
16%
Lactulose Kristalose
16%
Lithium Carbonate ^Lithonate|^Lithotabs|^Lithobid
16%
Megestrol Megace
16%
Nortriptyline Pamelor
16%
Promethazine Phenergan
16%
Phenobarbital Phenobarbital
16%
Sevelamer Renvela
16%
Naltrexone ^ReVia|^Vivitrol
16%
Oxcarbazepine ^Trileptal|^Oxtellar
16%
Acetaminophen/Codeine Tylenol with Codeine
16%
Solifenacin Vesicare
16%
Ramipril Altace
15%
Sotalol Betapace
15%
Desmopressin Acetate Ddavp
15%
Mometasone/Formoterol Dulera
15%
Norethindrone/Ethinyl Estradiol/Ferrous Fumarate ^Loestrin FE|^Loestrin FE 24|^Microgestin FE|^Junel FE|^Minastrin 24
15%
Benazepril Lotensin
15%
Rizatriptan Maxalt
15%
Cilostazol Pletal
15%
Calcitriol Rocaltrol
15%
Dolutegravir Tivicay
15%
Bisoprolol/Hydrochlorothiazide Ziac
15%
Dorzolamide/Timolol Cosopt
13%
Tolterodine Detrol
13%
Valsartan Diovan
13%
Ziprasidone Geodon
13%
Fosinopril Monopril
13%
Nicotine Nicotrol
13%
Nifedipine ^Procardia|^Nifedical|^Adalat
13%
Progesterone (oral) Prometrium
13%
Ranolazine Ranexa
13%
Testosterone Androgel
11%
Azelastine ^Astelin|^Astepro
11%
Emtricitabine/Tenofovir Alafenamide Descovy
11%
Pramipexole Dihydrochloride Mirapex
11%
Labetalol ^Normodyne|^Trandate
11%
Ofloxacin Ophthalmic Ocuflox
11%
Modafinil Provigil
11%
Umeclidinium/Vilanterol Anoro Ellipta
10%
Ipratropium Atrovent
10%
Irbesartan Avapro
10%
Valsartan/Hydrochlorothiazide Diovan-HCT
10%
Vilazodone Viibryd
10%
Hydroxyzine Pamoate Vistaril
10%
Phentermine ^Adipex-P|^Ionamin
8%
Brimonidine Alphagan P
8%
Terazosin Hytrin
8%
Codeine/Guaifenesin ^Mytussin AC|^Robitussin AC
8%
Medroxyprogesterone Acetate Provera
8%
Linagliptin Tradjenta
8%
Lubiprostone Amitiza
7%
Elvitegravir/cobicistat/emtricitabine/tenofovir alafenamide Genvoya
7%
Amlodipine/Benazepril Lotrel
7%
Primidone Mysoline
7%
Efavirenz/Emtricitabine/Tenofovir Disoproxil Fumarate Atripla
5%
Torsemide Demadex
5%
Umeclidinium Incruse Ellipta
5%
Hyoscyamine ^Levsin|^Levbid
5%
Oxymorphone Opana
5%
Amantadine Symmetrel
5%
Hydrocortisone ^Anusol-HC|^Proctosol-HC|^Proctozone-HC
3%
Ciprofloxacin (ophthalmic) Ciloxan
3%
Liothyronine ^Cytomel|^Triostat
3%
Triamterene/Hydrochlorothiazide ^Dyazide|^Maxzide
3%
Clobetasol Temovate
3%
Vitamin D, Ergocalciferol Drisdol
2%
Rivastigmine Exelon
2%
Verapamil ^Isoptin|^Calan|^Verelan
2%
Cyanocobalamin, Vitamin B12 Nascobal
2%
Travoprost Travatan Z
2%
Alfuzosin Uroxatral
2%
Doxepin Sinequan
0%
Metolazone Zaroxolyn
0%
No matching quizzes found
Score Distribution
Percent of People with Each Score
Percentile by Number Answered
Your Score History
You have not taken this quiz